| 000 | 00825nam a2200277Ia 4500 | ||
|---|---|---|---|
| 001 | 22061 | ||
| 005 | 20260320113338.0 | ||
| 008 | 260320s9999||||xx |||||||||||||| ||und|| | ||
| 022 | _a18135080 | ||
| 041 | _aESP | ||
| 082 |
_aHR 657 ENE-DIC 2025 _bCEM |
||
| 100 |
_a _e |
||
| 110 | _aGaceta Jurídica | ||
| 245 | 0 |
_aContadores & empresas : _bsistema integral de información para contadores, administradores y gerentes |
|
| 246 |
_a _5 _b |
||
| 260 |
_aLima : _bGaceta Jurídica, _c2025 |
||
| 300 |
_a80 páginas : _bcuadros ; _c29 cm. _e |
||
| 440 |
_a _n _v |
||
| 505 | _aContiene: Nros. 473-484 (Enero-Diciembre 2025) | ||
| 650 | _aTCA | ||
| 653 | _aContabilidad - Revista | ||
| 654 | _aCCO | ||
| 700 |
_a _c |
||
| 856 |
_uhttps://www.contadoresyempresas.com.pe/ _zVersión digital |
||
| 942 |
_cREV _dJUS _fMAT _2ddc _n |
||
| 999 |
_c22061 _d22061 |
||